000 00377nam a2200097Ia 4500
008 180130s9999 xx 000 0 und d
245 _cWen, Fuan
_aOpen web-based virtual lab for experimental enhanced educational environment
260 _c2015
300 _aBook title: An integrated approach to e-learning--Acession number C20654; pages 227-248
650 _aEDUCATION--E-LEARNING
999 _c353735
_d353735